000 00530nam a2200217Ia 4500
005 20230321091757.0
008 131103s9999 xx 000 0 und d
040 _aLoreto College
041 _aEnglish
082 _a891.441
_bGUP
100 _aGupta, Vijay
245 _aPadmapuran
_cVijay Gupta; edited by Asutosh Das
260 _a[S.l]
_b[s.n.]
300 _a557p.
504 _aIncludes index
650 _aPadmapuran
651 _aBengali poetry
700 _aDas, Asutosh; ed.
850 _aLCLIB
942 _cBK
999 _c20676
_d71155